Normal view
MARC view
Entry Personal Name
001 - CONTROL NUMBER
- control field: 83929
003 - CONTROL NUMBER IDENTIFIER
- control field: dpl
005 - DATE AND TIME OF LATEST TRANSACTION
- control field: 20250807112700.0
008 - FIXED-LENGTH DATA ELEMENTS
- fixed length control field: 250807|| aca||aabn | a|a d
040 ## - CATALOGING SOURCE
- Original cataloging agency: dpl
- Transcribing agency: dpl
100 ## - HEADING--PERSONAL NAME
- Personal name: जोशी , सच्चिदानन्द
670 ## - SOURCE DATA FOUND
- Source citation: Work cat.: (dpl)212927: जोशी , सच्चिदानन्द, पुत्रिकामेष्टि /, 2023
